| 000 | 00649nam a2200145 a 4500 | ||
|---|---|---|---|
| 008 | 130920s2011 ||||||||||||||||| || u | ||
| 050 | _aGOV.ZAM.H4(058) | ||
| 110 | _aMinistry of Health (Ghana) | ||
| 245 | 1 | 0 |
_aNational health strategic plan, 2011-2015 _cby Government of the Republic of Zambia, Ministry of Health [MoH] |
| 260 |
_aLusaka: _bMinistry of Health (MOH) _c2011 |
||
| 300 | _axiv, 99p.: ill. | ||
| 362 | 1 | _a<p>2011-2015</p> | |
| 650 | _aNATIONAL HEALTH--STRATEGIC PLAN--ZAMBIA | ||
| 995 |
_aSPECIAL COLLECTIONS _e1008 _FCBU-SCHOOL OF MEDICINE LIBRARY (Ndola) _jGOV.ZAM.H4(058)NHSP/2011 _M1 _UAVAILABLE _WSep 27, 2013 _yB1008 _ZZambiana Collection |
||
| 999 |
_c32134 _d32134 |
||